00435nam a2200157Ia 450000500170000000800410001702000150005808200130007310000150008610000190010124500670012026000380018730000120022565000180023765000220025520240606014039.0240331s9999 xx 000 0 und d a9559255002 bLEAa341 aLeary, V.A aWickremasinghe 3aAn introductory guide to human rights law and humanitarian law bThe Nadesan CentreaColomboc1993 a68 p.,  aHuman Rights  aHumanitarian Law